000 00304nam a22001337a 4500
008 181012b xxu||||| |||| 00| 0 eng d
020 _a2900802829459
041 _aeng
080 _a941
100 _a17
101 _aHIS
245 _aA History of the American People
_cHarrell, D.E
942 _2udc
_cBK
999 _c49545
_d49545